000 00637nam a22002177a 4500
001 32842
003 AR-RoBPED
005 20260611131301.0
008 260610s2026 ag ||||gr|||| 001 1 spa d
020 _a9786316691811
040 _aAR-RoBPED
041 _aspa
100 1 _aMartínez, Guillermo
_d1962-
_915141
245 1 _aUn crimen dialéctico /
_cGuillermo Martínez.
260 _aBuenos Aires :
_bSeix Barral,
_c2026.
300 _a213 p.
650 4 _aLITERATURA ARGENTINA
_915616
650 4 _aNOVELAS
_925
942 _2udc
_aK. 32842
_cBK
_h860(82)-31
_mMg 26 cr
_pInv. 42526
999 _c32842
_d32842